<?xml version="1.0" encoding="UTF-8"?>
<record
    xmlns:xsi="http://www.w3.org/2001/XMLSchema-instance"
    xsi:schemaLocation="http://www.loc.gov/MARC21/slim http://www.loc.gov/standards/marcxml/schema/MARC21slim.xsd"
    xmlns="http://www.loc.gov/MARC21/slim">

  <leader>00875nam a2200205Ia 4500</leader>
  <controlfield tag="001">12831</controlfield>
  <controlfield tag="003">GE_BSU</controlfield>
  <controlfield tag="008">181216s||||||||xx |||||||||||||| ||und||</controlfield>
  <datafield tag="040" ind1=" " ind2=" ">
    <subfield code="c">GE_BSU</subfield>
  </datafield>
  <datafield tag="080" ind1=" " ind2=" ">
    <subfield code="a">631.6</subfield>
  </datafield>
  <datafield tag="100" ind1=" " ind2=" ">
    <subfield code="a">&#x410;&#x43D;&#x442;&#x438;&#x43F;&#x43E;&#x432;-&#x41A;&#x430;&#x440;&#x430;&#x442;&#x430;&#x435;&#x432;,&#x418;.&#x41D;. &#x421;&#x430;&#x431;&#x43E;,&#x415;.&#x42E;.</subfield>
  </datafield>
  <datafield tag="245" ind1=" " ind2=" ">
    <subfield code="a">&#x41B;&#x438;&#x43C;&#x430;&#x43D;&#x43D;&#x43E;&#x435; &#x43D;&#x430;&#x441;&#x430;&#x436;&#x434;&#x435;&#x43D;&#x438;&#x435; &#x434;&#x440;&#x435;&#x432;&#x435;&#x441;&#x43D;&#x44B;&#x445; &#x43D;&#x430;&#x441;&#x430;&#x436;&#x434;&#x435;&#x43D;&#x438;&#x438; &#x438; &#x43C;&#x435;&#x43B;&#x438;&#x43E;&#x440;&#x430;&#x446;&#x438;&#x44F; &#x441;&#x43E;&#x43B;&#x43E;&#x43D;&#x446;&#x43E;&#x432;&#x44B;&#x445; &#x437;&#x435;&#x43C;&#x435;&#x43B;&#x44C; &#x432; &#x43F;&#x43E;&#x434;&#x437;&#x43E;&#x43D;&#x435; &#x441;&#x432;&#x435;&#x442;&#x43B;&#x43E;&#x43A;&#x430;&#x448;&#x442;&#x430;&#x43D;&#x43E;&#x432;&#x44B;&#x445; &#x43F;&#x43E;&#x447;&#x432;.</subfield>
  </datafield>
  <datafield tag="260" ind1=" " ind2=" ">
    <subfield code="a">&#x41C;&#x43E;&#x441;&#x43A;&#x432;&#x430;</subfield>
  </datafield>
  <datafield tag="260" ind1=" " ind2=" ">
    <subfield code="b">&#x418;&#x437;&#x434;-&#x432;&#x43E; &#x410;&#x41D;&#x421;&#x421;&#x421;&#x420;</subfield>
  </datafield>
  <datafield tag="260" ind1=" " ind2=" ">
    <subfield code="c">1953</subfield>
  </datafield>
  <datafield tag="300" ind1=" " ind2=" ">
    <subfield code="a">127&#x441;&#x442;&#x440;.20&#x441;&#x43C;.</subfield>
  </datafield>
  <datafield tag="300" ind1=" " ind2=" ">
    <subfield code="c">&#x411;&#x438;&#x431;&#x43B;&#x438;&#x43E;&#x433;&#x440;.&#x441;.126-127</subfield>
  </datafield>
  <datafield tag="653" ind1=" " ind2=" ">
    <subfield code="a">&#x41B;&#x438;&#x43C;&#x430;&#x43D;&#x43D;&#x43E;&#x435; &#x43D;&#x430;&#x441;&#x430;&#x436;&#x434;&#x435;&#x43D;&#x438;&#x435; &#x434;&#x440;&#x435;&#x432;&#x435;&#x441;&#x43D;&#x44B;&#x445; &#x43D;&#x430;&#x441;&#x430;&#x436;&#x434;&#x435;&#x43D;&#x438;&#x438; &#x438; &#x43C;&#x435;&#x43B;&#x438;&#x43E;&#x440;&#x430;&#x446;&#x438;&#x44F; &#x441;&#x43E;&#x43B;&#x43E;&#x43D;&#x446;&#x43E;&#x432;&#x44B;&#x445; &#x437;&#x435;&#x43C;&#x435;&#x43B;&#x44C; &#x432; &#x43F;&#x43E;&#x434;&#x437;&#x43E;&#x43D;&#x435; &#x441;&#x432;&#x435;&#x442;&#x43B;&#x43E;&#x43A;&#x430;&#x448;&#x442;&#x430;&#x43D;&#x43E;&#x432;&#x44B;&#x445; &#x43F;&#x43E;&#x447;&#x432;.</subfield>
  </datafield>
  <datafield tag="942" ind1=" " ind2=" ">
    <subfield code="c">BK</subfield>
  </datafield>
  <datafield tag="999" ind1=" " ind2=" ">
    <subfield code="c">46002</subfield>
    <subfield code="d">46002</subfield>
  </datafield>
  <datafield tag="952" ind1=" " ind2=" ">
    <subfield code="0">0</subfield>
    <subfield code="1">0</subfield>
    <subfield code="4">0</subfield>
    <subfield code="7">0</subfield>
    <subfield code="9">60322</subfield>
    <subfield code="d">2018-12-17</subfield>
    <subfield code="p">21029</subfield>
    <subfield code="r">2018-12-17</subfield>
    <subfield code="w">2018-12-17</subfield>
    <subfield code="y">BK</subfield>
  </datafield>
</record>
